| 000 | 00931nam a22002534a 4500 | ||
|---|---|---|---|
| 005 | 20080729164931.0 | ||
| 008 | 080416s2008 waua 001 0 eng | ||
| 010 | _aENG-91461 | ||
| 020 |
_a9788131304990 _c595.00 |
||
| 035 | _aEN-74994 | ||
| 037 | _bDBAD / PUB | ||
| 040 |
_aDPL _bEnglish |
||
| 082 | _a374.954 | ||
| 100 | _aShirur, Rajani R. | ||
| 245 |
_aNon-formal education for development / _cby Rajani R. Shirur |
||
| 260 |
_aNew Delhi _bAPH Publishing _c2009 |
||
| 270 |
_a4435-36/7, Ansari Road, Daryaganj, _bNew Delhi _e110002 |
||
| 300 |
_avii, 196 p. _c23 cm (Hb) |
||
| 500 | _aIncludes index | ||
| 650 |
_aNon-formal education _zIndia |
||
| 650 |
_aAdult education _zIndia |
||
| 942 |
_2ddc _cEN _mSHI _h374.954 |
||
| 999 |
_c17393 _d17393 |
||